| 000 | 00372 a2200133 4500 | ||
|---|---|---|---|
| 005 | 20250514134719.0 | ||
| 020 | _a0-333-39852-1 | ||
| 082 | _a658.403 AND | ||
| 100 | _aANDERSON, R. | ||
| 245 | _aManagement, Information Systems and Computers: An Introduction | ||
| 260 |
_aLondon, _bMacmillan, _c1986. |
||
| 300 |
_aix, 273p.: ill.; figure. _bIndex. _c24cm. |
||
| 942 |
_2ddc _cBKS |
||
| 999 |
_c2260 _d2260 |
||